Διαπολιτισμική αγωγή

Αποθηκεύτηκε σε:
Λεπτομέρειες βιβλιογραφικής εγγραφής
Κύριος συγγραφέας: Κανακίδου, Ελένη
Άλλοι συγγραφείς: Παπαγιάννη, Βούλα
Μορφή: Βιβλίο
Γλώσσα:Greek
Δημοσίευση: Αθήνα : Ελληνικά Γράμματα, 1997
Έκδοση:Νέα έκδ.,βελτ.
Θέματα:
Ετικέτες: Προσθήκη ετικέτας
Δεν υπάρχουν, Καταχωρήστε ετικέτα πρώτοι!

MARC

LEADER 00000cam a2200000 i 4500
001 1/86631
008 980326s1997 gr | ||| |||| ||gre||
020 |a 9603440205 
035 |a 1997  |b 3  |c Σκούρτου  |l 10035024 
035 |a 1998  |b 1  |c ΚΠΣ/ΔΕ 
035 |a 1997  |b 3  |c ΦΙΟΡΑΒΑΝΤΕΣ 
040 |a GR-MY-UA  |b gre  |e aacr 
041 0 |a gre 
082 0 |a 370.117 
100 1 |a Κανακίδου, Ελένη. 
245 1 0 |a Διαπολιτισμική αγωγή /  |c Ε. Κανακίδου, Β. Παπαγιάννη 
250 |a Νέα έκδ.,βελτ. 
260 |a Αθήνα :   |b Ελληνικά Γράμματα,   |c 1997 
300 |a 117 σ. 
650 0 0 |a Multicultural education. 
700 1 |a Παπαγιάννη, Βούλα. 
852 |a INST  |b LESVOS  |e 20000209  |h 370.117 ΚΑΝ  |p 005100021935  |q 005100021935  |t BK  |y 0 
852 |a INST  |b RHODES  |e 19990125  |h 370.117 ΚΑΝ  |p 005400005671  |q 005400005671  |t BK  |y 0 
852 |a INST  |b RHODES  |e 19980529  |h 370.117 ΚΑΝ  |p 005400006505  |q 005400006505  |t BK  |y 0 
852 |a INST  |b RHODES  |e 19980326  |h 370.117 ΚΑΝ  |p 005400010919  |q 005400010919  |t BK  |y 0 
852 |a INST  |b RHODES  |e 19991111  |h 370.117 ΚΑΝ  |p 005400014326  |q 005400014326  |t BK  |y 0 
901 |a BIBL-1998-1 
909 |a Ρ  |b 051874  |c 1997 
909 |a Ρ  |b 053580  |c 1998 
909 |a Ρ  |b 052765  |c 1997 
909 |a Ρ  |b 064390  |c 1999 
909 |a Λ  |b 068499 
922 |a 4ΔΩΡ  |b 199911  |c ΔΩΡΕΑ 
970 |a ΚΟΥΛΑΚΙΟΤΗ  |b ΛΙΤΣΑ  |z 1999/11/11